| 000 | 00711nam a2200265Ia 4500 | ||
|---|---|---|---|
| 001 | Para_6414 | ||
| 003 | CHAP | ||
| 008 | 220125s1999 xx 000 0 und d | ||
| 010 | _a205154 | ||
| 040 | _cCHAP | ||
| 090 | _aPA FOLLETO 504 | ||
| 110 |
_aJ.R. Geigy S.A. Basilea (Suiza) _9171138 |
||
| 245 |
_aLa atrazina / _c por J.R. Geigy S.A. |
||
| 260 |
_aSuiza : _b Geigy |
||
| 300 | _a21 p. | ||
| 440 |
_aInformación de Departamento de Productos Antiparasitarios _9171139 |
||
| 650 |
_aHerbicidas _953691 |
||
| 901 | _aPA FOLLETO 504 | ||
| 902 | _aA | ||
| 905 | _a00000019-- 0000000000 00 | ||
| 910 | _a19-- | ||
| 942 | _cPARA | ||
| 942 |
_cPARA _d1 |
||
| 999 |
_c205154 _d205154 |
||